01101nam a2200313 i 450000100060000000300090000600500170001500800390003201500170007103500210008804000280010904100130013708000160015010000300016624500840019626000560028030000390033633600270037533700520040233800280045438000170048250400460049954600400054565000130058565800150059865000340061371000420064785600980068913852KOSZ 00520250807063801.0071101s1971 pl a f 001 0 pol aPB 1971/8053 a(OCoLC)839048209 aWA NcWA NdKOSZ 005/KK0 apolbeng a801.5:681.31 aBlikle, Andrzejd(1939- )10aAutomaty i gramatyki :bwstęp do lingwistyki matematycznej /cAndrzej Blikle. aWarszawa :bPaństwowe Wydawnictwo Naukowe,c1971. a230, [1] stron :berrata ;c23 cm. 2rdacontentaTekstbtxt 2rdamediaaBez urządzenia posredniczącegobn 2rdacarrieraWoluminbnc aKsiążki. aBibliografia na stronach 208-211. Indeks. aStreszczenie w języku angielskim. 4aAutomaty aMatematyka 4aJęzykoznawstwo matematyczne aPaństwowe Wydawnictwo Naukowe4pbl. uhttp://koha.tu.koszalin.pl/cgi-bin/koha/opac-detail.pl?biblionumber=13852yKatalog online BPK